| 000 | 00637nam a2200205Ia 4500 | ||
|---|---|---|---|
| 003 | OSt | ||
| 005 | 20250829151713.0 | ||
| 008 | 210210b2001 xxu||||| |||| 00| 0 eng d | ||
| 040 | _cAL | ||
| 041 | _aKannada | ||
| 082 | _a346K GAVN | ||
| 100 |
_aGAUTHAM (S R). _9140399 _dಗೌತಮ್ (ಎಸ್ ಆರ್) |
||
| 245 |
_aNitya jivanadalli kanunu. pustaka 1. _bನಿತ್ಯ ಜೀವನದಲ್ಲಿ ಕಾನುನು : ಪುಸ್ತಕ ೧. |
||
| 260 |
_aBengaluru. _bNavakarnataka Prakashana., _c2001 |
||
| 300 | _a160 | ||
| 650 |
_aLaw _9140400 |
||
| 690 |
_aPrivate Law _9140401 |
||
| 906 | _a057401 | ||
| 942 |
_2ddc _cBK |
||
| 999 |
_c104583 _d104583 |
||